000 00445nam a2200169Ia 4500
005 20250326130611.0
008 250326s9999 xx 000 0 und d
037 _aTextbook
040 _aFMSL
_beng
_cFMSL
041 _aeng
_2eng
084 _aX:72 Q1
_qFMSL
100 _aRossana R J
_9740893
245 0 _aMacroeconomics
_cRossana R J
260 _aN
_bN, Y Routledge
_c2011
942 _cTB
_hX:72 Q1
999 _c1283262
_d1283262